LEADER 00726nab a2200145 i 4500 001 000000282351 003 CaOOAMICUS 005 20141104000000.0 008 141104n xx uu u0 0und r 013 $a35176 040 $aSeMil$bita 245 10$aGioventù d'Azione :$bOrgano della Federazione Giovanile del Partito d'Azione. - Riproduzione anastatica del N. 1, Anno 1., 30 Luglio 1944. 700 1 $aPartito d'azione.$0(OLS)http://semarc/name/84401 773 0 $tGiornali della Resistenza.$dMilano : Ufficio Stampa del Comune di Milano, 1970.$w()209602 996 $6245$aGioventù d'Azione :$bOrgano della Federazione Giovanile del Partito d'Azione. - Riproduzione anastatica del N. 1, Anno 1., 30 Luglio 1944.$9(OLS)http://semarc/title/364423 LEADER 01052nam a2200241 i 4500 001 000000070146 003 CaOOAMICUS 005 20080808000000.0 008 080808s1909 it u000 u ita u 013 $a41318 040 $aSeMil$bita 100 1 $aBergson, Henri,$d<1859-1941>.$0(OLS)http://semarc/name/24632 245 13$aLa filosofia dell'intuizione /$cEnrico Bergson ; introduzione alla Metafisica ed estratti di altre opere a cura di G. Papini. 260 $aLanciano :$bR. Carabba,$c1909. 300 $a126 p. ;$c19 cm. 490 0 $aCultura dell'anima ;$v8 600 14$aBergson, Henri <1859-1941>.$0(OLS)http://semarc/subject/5584 700 1 $aPapini, Giovanni,$d<1881-1956>.$0(OLS)http://semarc/name/1547 830 0$aCultura dell'anima ;$v8.$0(OLS)http://semarc/title/21898 850 $aSeMil 852 $aSeMil$W1$xVenegono$y1$m2P II 59$j36299$B36299$CSeMilBibl$Z2$F36302 $81 996 $6245$aLa filosofia dell'intuizione$9(OLS)http://semarc/title/112523 996 $6260$aLanciano :$bR. Carabba$9(OLS)http://semarc/publisher/33110